• 首页
  • 本馆介绍
  • 公告通知
  • 最新文献
  • 馆藏检索
  • 电子资源
  • 读者导购
  • 参考咨询
  • 我的图书馆
  • 登录
  • 详细信息显示
  • 放入我的书架
  • 预约/预借图书
  • 作者相关作品
  • 分类相关作品
  • 丛书相关作品
  • 出版社相关作品

书目信息

  • 表格格式
  • 工作单格式
  • 卡片格式
题名:
中国寒区水文
    
 
作者: 杨针娘 著
分册:  
出版信息: 北京   科学出版社  2000
页数: 238页
开本: 26cm
丛书名:
单 册:
中图分类: P343.6
科图分类:
主题词: 水文地球学--中国
电子资源:
ISBN: 7-03-007880-2
000 00545nam0 2200193 45
001 0309230898
005 20031219104115.9
010    @a7-03-007880-2@dCNY35.00
100    @a20030923d2000 km y0chiy0120 ea
101 0  @achi
105    @aa z 000yy
200 1  @a中国寒区水文@AZhong Guo Han Qu Shui Wen@f杨针娘等著@FYang Zhen Niang Deng Zhu
210    @a北京@c科学出版社@d2000
215    @a238页@d26cm
606 0  @a水文地球学@y中国
690    @aP343.6@v4
701    @a杨针娘@4著
801    @aCN@bTSTC@c20030923
905    @b326117-119@dP343.6@e53@f3
    
    中国寒区水文/杨针娘等著.-北京:科学出版社,2000
    238页;26cm
    
    
    ISBN 7-03-007880-2:CNY35.00
    
●
相关链接 在E读中查询图书 在五车中查询图书 在当当中查询图书 在豆瓣中查询图书


正题名:中国寒区水文     索取号:P343.6/53         预约/预借

序号 登录号 条形码 馆藏地/架位号 状态 备注
1 0326117   203261175   第三借阅区/ [索取号:P343.6/53] 在馆    
2 0326118   203261184   第三借阅区/ [索取号:P343.6/53] 在馆    
3 0326119   203261193   第二样本阅览室/ [索取号:P343.6/53] 在馆    
唐山师范学院图书馆 欢迎您!
大连网信软件有限公司© 版权所有